Statistics for Star Wars Last Names Quiz

Click here to take the quiz!

General Stats

  • This quiz has been taken 750 times
    (742 since last reset)
  • The average score is 15 of 20

Answer Stats

Hint Answer % Correct
AnakinSkywalker
100%
Obi-WanKenobi
98%
HanSolo
98%
DarthVader
96%
MaceWindu
94%
JangoFett
94%
CountDooku
93%
Qui-GonJinn
90%
LeiaOrgana
88%
PadmeAmidala
85%
LandoCalrissian
76%
PloKoon
69%
AhsokaTano
68%
NuteGunray
66%
AsajjVentress
66%
CommanderCody
65%
AaylaSecura
57%
BarrisOffee
50%
CaptainRex
49%
LuminaraUnduli
45%

Score Distribution

Percentile by Number Answered

Percent of People with Each Score

Your Score History

You have not taken this quiz since the last reset